Manual of Clinical Microbiology (Record no. 4184)

MARC details
000 -LEADER
fixed length control field 01100cam a22003254a 4500
001 - CONTROL NUMBER
control field 12817885
003 - CONTROL NUMBER IDENTIFIER
control field OSt
005 - DATE AND TIME OF LATEST TRANSACTION
control field 20210222120512.0
008 - FIXED-LENGTH DATA ELEMENTS--GENERAL INFORMATION
fixed length control field 020614s2003 dcua bf 001 0 eng
010 ## - LIBRARY OF CONGRESS CONTROL NUMBER
LC control number 2002074595
020 ## - INTERNATIONAL STANDARD BOOK NUMBER
International Standard Book Number 1555812554 (hard cover set)
035 ## - SYSTEM CONTROL NUMBER
System control number (DNLM)101147847
040 ## - CATALOGING SOURCE
Original cataloging agency DNLM/DLC
Transcribing agency DLC
Modifying agency DLC
042 ## - AUTHENTICATION CODE
Authentication code pcc
050 00 - LIBRARY OF CONGRESS CALL NUMBER
Classification number QR46
Item number .M425 2003
060 10 - NATIONAL LIBRARY OF MEDICINE CALL NUMBER
Classification number QW 4
Item number M294 2003
082 00 - DEWEY DECIMAL CLASSIFICATION NUMBER
Classification number QW4 M319m 2003
100 ## - MAIN ENTRY--PERSONAL NAME
Personal name Editors Murray, Patrick R.; Baron, Ellen Jo.
9 (RLIN) 13902
245 00 - TITLE STATEMENT
Title Manual of Clinical Microbiology
250 ## - EDITION STATEMENT
Edition statement 8th ed.
260 ## - PUBLICATION, DISTRIBUTION, ETC. (IMPRINT)
Place of publication, distribution, etc. Washington;
Name of publisher, distributor, etc. ASM Press,
Date of publication, distribution, etc. 2003.
300 ## - PHYSICAL DESCRIPTION
Extent 2 v. :
Other physical details col.ill ;
Dimensions 29 cm.
504 ## - BIBLIOGRAPHY, ETC. NOTE
Bibliography, etc Includes bibliographical references and index.
650 #0 - SUBJECT ADDED ENTRY--TOPICAL TERM
Topical term or geographic name as entry element Medical microbiology
9 (RLIN) 9020
650 #0 - SUBJECT ADDED ENTRY--TOPICAL TERM
Topical term or geographic name as entry element Diagnostic microbiology
9 (RLIN) 9021
856 42 - ELECTRONIC LOCATION AND ACCESS
Materials specified Book review (E-STREAMS)
Uniform Resource Identifier http://www.e-streams.com/es0701/es0701_2979.html
906 ## - LOCAL DATA ELEMENT F, LDF (RLIN)
a 7
b cbc
c orignew
d 1
e ocip
f 20
g y-gencatlg
942 ## - ADDED ENTRY ELEMENTS (KOHA)
Source of classification or shelving scheme Dewey Decimal Classification
Koha item type Open Shelf
Holdings
Withdrawn status Lost status Source of classification or shelving scheme Damaged status Not for loan Home library Current library Date acquired Source of acquisition Inventory number Total Checkouts Full call number Barcode Checked out Date last seen Date last checked out Koha item type
    Other/Generic Classification Scheme     MUST Main Library MUST Main Library 26/05/2016 Purchase 06/26730 1 QW 4 M319m 2003 2016-2172 07/04/2017 24/03/2017 24/03/2017 Open Shelf
    Other/Generic Classification Scheme     MUST Main Library MUST Main Library 27/05/2016 Purchase 06/26728   QW4 M319m 2003 2016-2191   27/05/2016   Open Shelf
    Other/Generic Classification Scheme     MUST Main Library MUST Main Library 10/06/2016 Purchase 06/26727   QW4 M319m 2003 2016-2385   10/06/2016   Open Shelf